=LDR 00000nam 2200000 4500 =001 INLIS000000000003552 =005 20130612091843 =008 ***********************************Ind** =035 ##$$0010-061300000003552 =041 ##$$a Ind =082 ##$$a 612.664 =090 ##$$a 612.664, Kin m =100 ##$$a King, F. Savage =245 ##$$a Menolong ibu menyusui, F. Savage King; alih bahasa, Sukwan Handali =260 ##$$a 1991 $b Jakarta =300 ##$$a xiv, 149 hlm., ilus., 21 cm =650 ##$$a Air susu ibu =700 ##$$a Handali, Sukwan =850 ##$$a NBPNMAT